| 000 | 00839nam a2200253Ia 4500 | ||
|---|---|---|---|
| 003 | GCL | ||
| 005 | 20240530101843.0 | ||
| 008 | 140319s9999 xx 000 0 ara d | ||
| 020 | _a5070133977 | ||
| 040 |
_aGCL / _cGCL |
||
| 082 | 0 | 4 |
_a189.9 _bح م |
| 100 | 1 | _aحسن حنفى | |
| 245 | 1 | 0 |
_aمن العقيدة الى الثورة :المجلد الرابع النبوة - المعاد / _cحسن حنفى |
| 260 |
_aالقاهرة : _bمكتبة مدبولى ، _c1988 |
||
| 300 |
_aمتعدد ؛ _c24 سم |
||
| 490 |
_aالتراث و التجديد _v0 |
||
| 650 | 0 | 4 | _aالفلسفة الاسلامية |
| 650 | 0 | 4 | _aالثقافة الاسلامية |
| 650 | 0 | 4 | _aالفلسفة الحديثة |
| 650 | 0 | 4 | _aالثقافة |
| 650 | 0 | 4 | _aالنبوة |
| 650 | 0 | 4 | _aالحضارة الاسلامية |
| 942 |
_2ddc _cBK |
||
| 999 |
_c28213 _d28213 |
||